War comes to Garmser : (Record no. 15596)
[ view plain ]
| 000 -LEADER | |
|---|---|
| fixed length control field | 00575nam a22001935i 4500 |
| 001 - CONTROL NUMBER | |
| control field | 17704952 |
| 005 - DATE AND TIME OF LATEST TRANSACTION | |
| control field | 20170105102921.0 |
| 008 - FIXED-LENGTH DATA ELEMENTS--GENERAL INFORMATION | |
| fixed length control field | 130405s2013 enk 000 0 eng |
| 020 ## - INTERNATIONAL STANDARD BOOK NUMBER | |
| International Standard Book Number | 9781849042642(hpk) |
| 035 ## - SYSTEM CONTROL NUMBER | |
| System control number | (Uk-RwCLS)uk21899342 |
| 040 ## - CATALOGING SOURCE | |
| Original cataloging agency | DLC |
| Language of cataloging | eng |
| Transcribing agency | DLC |
| Description conventions | rda |
| 042 ## - AUTHENTICATION CODE | |
| Authentication code | pcc |
| 100 1# - MAIN ENTRY--PERSONAL NAME | |
| Personal name | Malkasian, Carter, |
| Dates associated with a name | 1975- |
| 245 10 - TITLE STATEMENT | |
| Title | War comes to Garmser : |
| Remainder of title | thirty years of conflict on the Afghan frontier / |
| Statement of responsibility, etc. | Carter Malkasian. |
| 300 ## - PHYSICAL DESCRIPTION | |
| Extent | 288 pages ; |
| Dimensions | 23cm |
| 906 ## - LOCAL DATA ELEMENT F, LDF (RLIN) | |
| a | 0 |
| b | ibc |
| c | origres |
| d | u |
| e | ncip |
| f | 20 |
| g | y-gencatlg |
| 942 ## - ADDED ENTRY ELEMENTS (KOHA) | |
| Source of classification or shelving scheme | |
| Koha item type | Book |
| Withdrawn status | Lost status | Damaged status | Not for loan | Collection code | Permanent Location | Current Location | Shelving location | Date acquired | Total Checkouts | Full call number | Barcode | Date last seen | Price effective from | Koha item type |
|---|---|---|---|---|---|---|---|---|---|---|---|---|---|---|
| Centre for International Peace & Stability (CIPS) | Centre for International Peace & Stability (CIPS) | General Stacks | 09/27/2013 | 958.10471092 MAL 2013 | CIPS0001663 | 12/05/2013 | 12/05/2013 | Book |
